01526nam a2200373 a 450000100060000000300080000600500170001400600190003100700150005000800410006502400160010603500230012203500240014503500250016903500210019404000260021505000200024108000080026108200120026910000380028124501330031926000920045230000110054450000930055552000890064853301640073765000370090165000490093865500270098770000400101471000190105485600620107399900170113540997FlNmELB20241216221926.0m o d | cr cn|||||||||201201r2011 cu |||||s|||||||||||spa d8 z71208069610 a(MiAaPQ)EBC3202528 a(Au-PeEL)EBL3202528 a(CaPaEBR)ebr10609504 a(OCoLC)929377508 aFlNmELBbspacFlNmELB 4aQA76bF365 2011 a00404a0042221 aFernández Rodríguez, Ernesto.10aMetodología para la obtención de modelos híbridos para el controlh[recurso electronico]cErnesto Fernández Rodríguez. aLa Habana :bInstituto Superior Politécnico José Antonio Echeverría CUJAE,c2011. a149 p. aTesis (maestría) - Instituto Superior Politécnico José Antonio Echeverría CUJAE. aPropone una metodología para la obtención de modelos híbridos para el control. aRecurso electrónico. Santa Fe, Arg.: e-libro, 2015. Disponible vía World Wide Web. El acceso puede estar limitado para las bibliotecas afiliadas a e-libro. 4aComputers.xComputer simulation. 4aComputadoras.xSimulación por computadora. 4aLibros electrónicos.1 aGonzález Santos, Ana Isabel.4drt2 ae-libro, Corp.40uhttps://elibro.net/ereader/politecnicointernacional/86003 c40997d40997